Quizzes
Events
Quiz Creation
Community
Videos
Private Events
Remove Ads
Sign In
Join for FREE
Feedback
Dark Mode
Quiz Categories
Sports
Geography
Music
Movies
Television
Just For Fun
Miscellaneous
History
Literature
Language
Science
Gaming
Entertainment
Religion
Holiday
For Kids
Quiz Lab
Recent
Popular Today
Quiz Kudos Today
Editor Picks
Curator Picks
Quizzes by...
Day
Popularity
Type
Ratings
Length
Year
Community
Subscriptions
Recent Discussions
Orange Saloon
Badges
Playlists
Quests
Create
Leaderboards
Showdown
Live 5
Trivia Bingo
Activity
Puzzle Library
Sporcle Events
Private Events
Virtual Trivia
Globe League
Become a Host
Pub Owners
SporcleCon
Opinionation
Our Games
Videos
Blog
Mobile Apps
Partnerships
Remove Ads and Go Orange
Feedback
Gaming
Video Games
Board Games
Card Games
Pokémon
Mario
Nintendo
Minecraft
Console
Toys
Legend of Zelda
Gaming
Video Games
Board Games
Card Games
Pokémon
Mario
Nintendo
Minecraft
Console
Toys
Legend of Zelda
Random Quiz
Search Sporcle
×
Quiz Lab
Quiz Lab
Gaming
Love
Type in answers that appear in a list
Type in answers that appear in a list
Classic
Best Score? Go Orange.
We love Katamari Types of Cows/Bears Stats
Can you name the We love Katamari Types of Cows/Bears?
By
legoking1998
7m
21 Questions
83 Plays
83 Plays
83 Plays
Comments
Comments
Give Quiz Kudos
Give Quiz Kudos
-
- Ratings
hide this ad
Random Order
Randomize order of answers
Randomize order of answers
Replay
Link that replays current quiz
Next Quiz
Link to next quiz in quiz playlist
You Got
0%
They Got
Avg Score
53%
Avg Friend Score
Upgrade to see
Score Distribution
Jump to the score distribution portion of the page
Score
0/21
Timer
07:00
0
Plays Today
Hint
Cow/Bear
% Correct
It's in the title, soooooo hard to get
Cow
92.8%
Comes From Cows
Milk Carton
78.3%
The biggest one
Cowbear
69.9%
A man with red overalls
Cow-Man
68.7%
A man in brown
Bear-Man
68.7%
Black baby _
_
_
_
Bear Cub
68.7%
A shiny statue, found in the fierce section
Bear Statue
67.5%
Cousin
Daisy
63.9%
Brown Baby _
_
_
Calf
63.9%
Pylon, okey?
Cow Pylon
57.8%
Like #4, but black
Black Bear
55.4%
Hint
Cow/Bear
% Correct
A hero
Kintaro Bear
53%
Like #4, but white
Polar Bear
50.6%
Winds up
Teddy Bear
42.2%
They are in the stables
Ox
39.8%
This one is wooden
Bear Carving
38.6%
Has strawberries on it
Cute Cow
38.6%
Gives you milk for money
Cow Vending Machine
33.7%
Like #3, but with a food group in it
Dairy Cow
27.7%
It has paws and it brown
Big Bear
24.1%
You see a lion in this
Bear Ride
14.5%
Quiz Playlist
Details
Report
Send in Message
Add To Playlist
Classic:
Type in answers that appear in a list
Random Order:
Randomize order of answers
Last Updated: Feb 16, 2017
Quiz Scoreboard
CHALLENGE
Sign Up to Join the Scoreboard
Show All
Scores
Hide
Comments
May contain spoilers
Recently Published
Presidents Visiting Landmarks
by Hejman
History
7m
An Introduction to Baseball
by treessimontrees
Sports
5m
Movies - When Are They Set?
by FPL_Elf
Movies
5m
More to Explore
Quiz From the Vault
Featured Blog Post
Where Did the Easter Bunny Come From?
hide this ad
You Might Also Like...
Tags
bear
Cow
Love
Today's Top Quizzes in Gaming
Browse Gaming
hide this ad
Today's Top Quizzes in Love
Browse Love
Top Contributed Quizzes in Gaming
1
5-to-1: Consoles
2
5-to-1: Legend of Zelda
3
7-to-1: Board Game Piece Blitz
4
Destiny 2 exotic weapons by perk icons
5
Ultimate Genshin Impact Logic Puzzle (up to 4.3)
6
Franchise by Action Figure
7
Genshin Impact Logic Puzzle Quiz
8
Who's on the WWE 2K24 Cover?
9
Overwatch Logic Puzzle
10
League of Legends Pro Players by Career/Team History
Explore More
Trending Topics
NBA
Disney
Anime
Marvel
Kpop
Crossword
Harry Potter
Soccer
Song
The Office
Pokémon
NFL
Country
Puzzle
WWE
hide this ad
More By:
legoking1998
Quiz
Plays
Rating
Category
Featured
Created
Dynasty Warriors Minor Characters
931
1.33
Gaming
Oct 27, 2010
Characters of Diary of a Wimpy Kid
261
4.00
Miscellaneous
Nov 9, 2010
Places of Dynasty Warriors
237
1.50
Gaming
Oct 27, 2010
Breath of Fire 3 Things
93
1.40
Gaming
Oct 27, 2010
We love Katamari Types of Cows/Bears
83
4.00
Gaming
Mar 1, 2011
Go to Creator's Profile
Score Distribution
Quiz Creator Spotlight
legoking1998
Follow
Send a Message
Quizzes Created
-
Created Quiz Play Count
-
More By This Creator
Popular Quizzes Today
1
Find the US States - No Outlines Minefield
2
Find the Countries of Europe - No Outlines Minefield
3
The Countries of the World
4
Find the US States
5
Popular People in 1961
6
US States
7
Risky Map Clicking: Biggest States A-Z
8
Movies - When Are They Set?
More Gaming Quizzes
Flawed Monopoly Board (Picture Click)
Editor's Pick
Trending Quizzes
Risky Map Clicking: Least Populous States A-Z
1-10 Letter G Words
1-10 Letter F Words
Risky Map Clicking: Next State Alphabetically
Risky Map Clicking: Biggest States A-Z
Recently Updated
Leaping Animals
pecheneg
Reality TV Shows (A-Z)
bhenderson79
Rickey Henderson's Hall of Fame Teammates
pecheneg
Champions League XIs: Arsenal
pecheneg
Quick Pick: Celebrities in WWE's Hall of Fame
aduchscher
A-Z Keypad Blitz II
pecheneg
Multiple Oscar Actors
pecheneg
Mystery Phrase Blitz: Oscar 'Best Actors'
pecheneg
F. Scott Fitzgerald Novels
LTH
Pick 3 Villains
ddd62291
Trending Topics
NBA
Crossword
Anime
Disney
Marvel
Harry Potter
Kpop
The Office
WWE
Song
Country
Puzzle
NFL
Pokémon
Soccer
Your Account Isn't Verified!
In order to create a playlist on Sporcle, you need to verify the email address you used during registration. Go to your
Sporcle Settings
to finish the process.
Report this User
Report this user for behavior that violates our
Community Guidelines
.
Details:
Send Report
Go to the Sporcle.com Mobile Site →
Comments